Možné príčiny zlyhania procesu implementácie informačných systémov

Potreba úspešnej implementácie informačného systému v podniku. Popis možných príčin zlyhania procesu implementácie informačných systémov. Nároky na kvalitu informačného systému v podniku.

Salvato in:
Dettagli Bibliografici
Autore principale: Dugas, Jaroslav, 1967-
Altri autori: Bosák, Martin, 1967-
Natura: Capitolo di libro
Lingua:slovacco
Soggetti:
Tags: Aggiungi Tag
Nessun Tag, puoi essere il primo ad aggiungerne!!

MARC

LEADER 00000naa$a2200000$$$4500
001 0281814
005 20240502074404.5
041 0 |a slo 
044 |a SK 
245 1 0 |a Možné príčiny zlyhania procesu implementácie informačných systémov  |c Jaroslav Dugas, Martin Bosák 
520 |a Potreba úspešnej implementácie informačného systému v podniku. Popis možných príčin zlyhania procesu implementácie informačných systémov. Nároky na kvalitu informačného systému v podniku. 
610 2 0 |a systémy informačné 
610 2 0 |a podnik 
610 2 0 |a používatelia 
610 2 0 |a implementácia 
610 2 0 |a tok informácií 
100 1 |a Dugas, Jaroslav, 1967- 
700 1 |a Bosák, Martin, 1967-